Los buitres (Registro nro. 2787)

Detalles MARC
000 -LEADER
fixed length control field 00951 a2200229 4500
001 - CONTROL NUMBER
control field 37766
005 - DATE AND TIME OF LATEST TRANSACTION
control field 20260407155644.0
008 - FIXED-LENGTH DATA ELEMENTS--GENERAL INFORMATION
fixed length control field 260407a2014 arg spa d
003 - CONTROL NUMBER IDENTIFIER
control field AR-UNSa-BCEJYS
040 ## - CATALOGING SOURCE
Original cataloging agency AR-UNSa-BCEJYS
Language of cataloging spa
Transcribing agency AR-UNSa-BCEJYS
080 ## - UNIVERSAL DECIMAL CLASSIFICATION NUMBER
Universal Decimal Classification number 339.72.053.1
Common auxiliary subdivision Deuda exterior. Déficit de la balanza de pagos
020 ## - INTERNATIONAL STANDARD BOOK NUMBER
International Standard Book Number 978-987-628-328-1
041 ## - LANGUAGE CODE
Language code of text/sound track or separate title spa
100 1# - MAIN ENTRY--PERSONAL NAME
Personal name Burgueño, Carlos
245 10 - TITLE STATEMENT
Title Los buitres
Name of part/section of a work historia oculta de la mayor operación financiera contra la Argentina
264 #1 - PRODUCTION, PUBLICATION, DISTRIBUTION, MANUFACTURE, AND COPYRIGHT NOTICE
Place of production, publication, distribution, manufacture Buenos Aires :
Name of producer, publisher, distributor, manufacturer Edhasa
Date of production, publication, distribution, manufacture, or copyright notice 2014
300 ## - PHYSICAL DESCRIPTION
Extent 250 p.
Dimensions 22 cm.
505 ## - FORMATTED CONTENTS NOTE
Formatted contents note 1. Llegaron los buitres - 2. Qué y quiénes - 3. Los primeros vuelos - 4. Griesa en el camino - 5. La madre de todos los embargos - 6. El juicio - 7. La batalla que cambiará la historia
590 ## - LOCAL NOTE (RLIN)
Local note niveau_biblio:m niveau_hierar:0
856 41 - ELECTRONIC LOCATION AND ACCESS
Uniform Resource Identifier <a href="https://biblioeco.unsa.edu.ar/pmb/images/libros/L125698.jpg">https://biblioeco.unsa.edu.ar/pmb/images/libros/L125698.jpg</a>
Link text Imagen de portada
Electronic format type image/jpeg
942 ## - ADDED ENTRY ELEMENTS (KOHA)
Koha item type
Existencias
Withdrawn status Lost status Damaged status Not for loan Home library Current library Shelving location Date acquired Total checkouts Full call number Barcode Date last seen Price effective from Koha item type
        Biblioteca Prof. Eusebio Cleto del Rey Biblioteca Prof. Eusebio Cleto del Rey   07/04/2026   339.72.053.1 B954 L125698 07/04/2026 07/04/2026 Libro